Normal view MARC view
  • MS-CE-19

Entry Topical Term

Number of records used in: 4

001 - CONTROL NUMBER

  • control field: 118384

003 - CONTROL NUMBER IDENTIFIER

  • control field: NUST

005 - DATE AND TIME OF LATEST TRANSACTION

  • control field: 20231005160557.0

008 - FIXED-LENGTH DATA ELEMENTS

  • fixed length control field: 231005|| aca||aabn | a|a d

040 ## - CATALOGING SOURCE

  • Original cataloging agency: NUST
  • Transcribing agency: NUST

150 ## - HEADING--TOPICAL TERM

  • Topical term or geographic name entry element: MS-CE-19

670 ## - SOURCE DATA FOUND

  • Source citation: Work cat.: (NUST): Muhammad Usman 4544, TH-SOF-2191-Optimization of Bandwidth for Ultra-reliable and Low Latency Communication using Compression, 2023.
© 2023 Central Library, National University of Sciences and Technology. All Rights Reserved.